000 00962nam0a22002531 4500
001 rc\998422
005 20041129101754.2
035 _a(NLR Aleph) 006164916
090 _a5902722
_c5902722
100 _a20041129d1981 u |0rusy50 ca
101 0 _arus
102 _aRU
105 _ay |||||||||
200 1 _aСистема учебы лекторских кадров в организациях общества "Знание" Украинской ССР
210 _aКиев
_cО-во "Знание" УССР
_d1981
215 _a16 с.
_d20
225 1 _aБиблиотечка в помощь лектору "Опыт методической работы"
_fО-во "Знание" УССР
700 1 _aСеверчук
_bИ. П.
_gИван Петрович
701 1 _aРябцев
_bВ. Е.
_gВладимир Евгеньевич
801 0 _aRU
_bNLR
_gpsbo
801 1 _aRU
_bELAR
_2rusmarc
852 _aNLR
_j82-4/10297
942 _cBOOK
980 _aNB